Statistics for Every NBA Teams Best Individual Season Ever

Click here to take the quiz!

General Stats

  • This quiz has been taken 30 times
  • The average score is 26 of 30

Answer Stats

TeamSeasonPlayer% Correct
MIA2013LeBron James
97%
CLE2009LeBron James
97%
CHI1991Michael Jordan
97%
HOU1994Hakeem Olajuwon
93%
TOR2019Kawhi Leonard
93%
ORL1995Shaquille O'Neal
93%
LAL2000Shaquille O'Neal
93%
GSW2016Steph Curry
93%
BOS1964Bill Russell
90%
LAC2015Chris Paul
90%
NOP2008Chris Paul
90%
MIL1971Kareem Abdul-Jabbar
90%
UTA1990Karl Malone
90%
BKN2021Kevin Durant
90%
OKL2014Kevin Durant
90%
MIN2004Kevin Garnett
90%
DAL2023Luka Doncic
90%
DEN2023Nikola Jokic
90%
PHO2007Steve Nash
90%
SAS2003Tim Duncan
90%
MEM2015Marc Gasol
86%
NYK1990Patrick Ewing
86%
IND1995Reggie Miller
86%
POR1977Bill Walton
79%
SAC1962Oscar Robertson
79%
CHA2019Kemba Walker
76%
PHI1967Wilt Chamberlain
76%
ATL1961Bob Pettit
72%
WAS1974Elvin Hayes
59%
DET1997Grant Hill
48%

Score Distribution

Percentile by Number Answered

Percent of People with Each Score

Your Score History

You have not taken this quiz